000 00457nam a2200181Ia 4500
001 11546
005 20260306162836.0
008 260306t1983||||xx |||||||||||||| ||spa||
041 _aESP
082 _a985.073
_bT35 T. 1
100 _aTello, María del Pilar
_eAUT
245 0 _aGolpe o revolución?:
_bhablan los militares del 68
260 _c1983
300 _a380 páginas :
_c21cm.
650 _aGEN
654 _aCHU
942 _cLIB
_dJUS
_fJUS
_2ddc
_n
999 _c11546
_d11546